00424nam a2200193Ia 4500003000900000008004100009040001300050040001300063041000800076100001700084245003800101250001200139260001500151260000900166300001100175300001000186490002800196490000600224IT-RoPAU120407s9999 xx 000 0 und d aIT-RoPAU cIT-RoPAU aita aRobert Alter aL’arte della narrativa biblica. aBrescia aQueriniana c1990 a229 p. c23 cm aBiblioteca biblica, 4. v1